NBA scoring champion sudden death - Statistics

General Stats
  • This quiz has been taken 1,107 times
    1,097 since last reset
  • The average score is 4 of 10
Answers on the Grid
Answers color-coded by a green-red scale on the quiz's grid according to % correct below.
Tracy mcgrady
Kareem Abdul jabbar
Rick Barry
Larry Bird
Kobe Bryant
Kevin Durant
Karl Malone
Hakeem Olajuwon
Elgin Baylor
Dwayne Wade
Dirk Nowitzki
David Robinson
Carmelo Anthony
Bob McAdoo
Allen Iverson
 
Answer Stats
Answer % Correct
Kobe Bryant
69%
Kevin Durant
67%
Kareem Abdul jabbar
60%
Allen Iverson
55%
Carmelo Anthony
47%
Tracy mcgrady
46%
Dwayne Wade
35%
David Robinson
25%
Bob McAdoo
23%
Rick Barry
20%
No matching quizzes found
Score Distribution
Percent of People with Each Score
Percentile by Number Answered
Your Score History
You have not taken this quiz since the last reset